000 00602nam a2200217Ia 4500
005 20241129110050.0
008 241129s9999||||xx |||||||||||||| ||und||
020 _a978-93-91520-29-8
037 _aTB
040 _aARTS
_beng
_cARTS
041 _aeng
_2eng
084 _aR694 R4
_qARTS
100 _aSingh I. N. Au.
245 0 _aPhilosophical roots in buddhism
_cSingh I. N. Au.
260 _aDelhi, India
_bPrashant Publishing House
_c2022
300 _avi,282p.
365 _aINR
_b1495
650 _aPhilosophyBuddhism
_9727076
942 _cTB
_hR694 R4
999 _c1227169
_d1227169